Capital Accumulation in the Open Two-Sector Economy (Registro nro. 26448)
[ vista simple ]
| 000 -LEADER | |
|---|---|
| fixed length control field | 00338 a2200109 4500 |
| 001 - CONTROL NUMBER | |
| control field | ART_12553 |
| 005 - DATE AND TIME OF LATEST TRANSACTION | |
| control field | 20260410161907.0 |
| 008 - FIXED-LENGTH DATA ELEMENTS--GENERAL INFORMATION | |
| fixed length control field | 260409a |
| 100 1# - MAIN ENTRY--PERSONAL NAME | |
| Personal name | Smith, M. A. M. |
| 245 10 - TITLE STATEMENT | |
| Title | Capital Accumulation in the Open Two-Sector Economy |
| 773 0# - HOST ITEM ENTRY | |
| Title | The Economic Journal |
| Related parts | - Vol. 87, Nº 346 (jun. 1977) |
| Record control number | REV12512 |
No hay ítems disponibles.